Модель автоволнового распространения твердофазной реакции низкотемпературного хлорирования хлористого бутила; Физика горения и взрыва; Т. 34, № 5

Detaylı Bibliyografya
Parent link:Физика горения и взрыва.— , 1965-
Т. 34, № 5.— 1998.— [С. 84-94]
Yazar: Князева А. Г. Анна Георгиевна
Diğer Yazarlar: Дюкарев Е. А.
Özet:Заглавие с экрана
Предложена математическая модель автоволнового распространения твердофазной реакции низкотемпературного хлорирования хлористого бутила. Модель имеет связный характер и включает нелинейные уравнения теплопроводности, химической кинетики и уравнение баланса для поврежденности среды с соответствующими граничными условиями. Численным методом найдены собственные числа и собственные функции задачи. Решена обратная задача, определены возможные величины тепловых эффектов химических реакций и разрушения. Результаты расчетов качественно согласуются с экспериментальными данными.
Dil:Rusça
Baskı/Yayın Bilgisi: 1998
Konular:
Online Erişim:http://sibran.ru/journals/issue.php?ID=120188&ARTICLE_ID=132069
Materyal Türü: MixedMaterials Elektronik Kitap Bölümü
KOHA link:https://koha.lib.tpu.ru/cgi-bin/koha/opac-detail.pl?biblionumber=638651

MARC

LEADER 00000naa0a2200000 4500
001 638651
005 20250206152323.0
035 |a (RuTPU)RU\TPU\network\3043 
035 |a RU\TPU\network\3042 
090 |a 638651 
100 |a 20150209d1998 k||y0rusy50 ca 
101 0 |a rus 
102 |a RU 
135 |a drcn ---uucaa 
181 0 |a i  
182 0 |a b 
200 1 |a Модель автоволнового распространения твердофазной реакции низкотемпературного хлорирования хлористого бутила  |f А. Г. Князева, Е. А. Дюкарев 
203 |a Текст  |c электронный 
300 |a Заглавие с экрана 
320 |a [Библиогр.: с. 93-94 (16 назв.)] 
330 |a Предложена математическая модель автоволнового распространения твердофазной реакции низкотемпературного хлорирования хлористого бутила. Модель имеет связный характер и включает нелинейные уравнения теплопроводности, химической кинетики и уравнение баланса для поврежденности среды с соответствующими граничными условиями. Численным методом найдены собственные числа и собственные функции задачи. Решена обратная задача, определены возможные величины тепловых эффектов химических реакций и разрушения. Результаты расчетов качественно согласуются с экспериментальными данными. 
461 |t Физика горения и взрыва  |d 1965- 
463 |t Т. 34, № 5  |v [С. 84-94]  |d 1998 
610 1 |a электронный ресурс 
610 1 |a труды учёных ТПУ 
700 1 |a Князева  |b А. Г.  |c российский физик  |c профессор Томского политехнического университета, доктор физико-математических наук  |f 1962-  |g Анна Георгиевна  |3 (RuTPU)RU\TPU\pers\25578  |9 11508 
701 1 |a Дюкарев  |b Е. А. 
801 2 |a RU  |b 63413507  |c 20160517  |g RCR 
856 4 |u http://sibran.ru/journals/issue.php?ID=120188&ARTICLE_ID=132069 
942 |c CF